Flaggen nach Buchstaben - P - Statistiken

Allgemein
  • Dieses Quiz wurde 81 mal gespielt
  • Das Durchschnittsergebnis liegt bei 8 aus 9
Antwortstatistiken
Bildquiz Antwort % Korrekt
Pakistan
99%
Panama
96%
Polen
96%
Portugal
96%
Peru
92%
Philippinen
91%
Paraguay
88%
Palau
87%
Papua-Neuguinea
87%
Keine übereinstimmenden Quizze gefunden
Verteilung der Resultate
Anzahl Personen mit jedem Resultat
Perzentil nach korrekt beantworteten Fragen
Ihre Resultats-Entwicklung
Sie haben dieses Quiz noch nicht gespielt